Statistics for Lana del Rey - Born to Die Lyrics

Click here to take the quiz!

General Stats

  • This quiz has been taken 1,281 times
  • The average score is 148 of 194

Answer Stats

Lyrics % Correct
to
98%
to
98%
to
98%
to
98%
I
97%
I
97%
I,
97%
I
97%
I
97%
I
97%
I
97%
I
97%
I
97%
I
97%
I
97%
I
97%
a
96%
a
96%
a
96%
me
95%
me
95%
the
95%
me
95%
me
95%
the
95%
the
95%
me
95%
me
95%
the
95%
the
95%
The
95%
the
95%
the
95%
me
95%
the
95%
the
95%
you
94%
you
94%
you
94%
you
94%
You
94%
you
94%
don't
92%
don't
92%
don't
92%
Don't
92%
and
89%
born
89%
and
89%
take
89%
Take
89%
and
89%
die
89%
take
89%
take
89%
we
88%
we
88%
now
86%
in
86%
now
86%
so
86%
so
86%
Is
86%
is
86%
in
86%
is
86%
is
86%
make
85%
make
85%
your
85%
on
85%
it
85%
it
85%
on
85%
your
85%
on
85%
it
85%
make
85%
line
83%
that
82%
like
82%
finish
82%
my
82%
like
82%
that
82%
that
82%
like
82%
that
82%
cry
81%
were
80%
fail
79%
walk
79%
mine
78%
tell
78%
tell
78%
mine
78%
heart
78%
sad
77%
why
77%
feel
76%
love
76%
get
76%
every
76%
feel
76%
Feet
76%
know
76%
get
76%
step
75%
go
75%
Let
74%
breaks
74%
night
74%
but
73%
not
73%
road
73%
But
73%
but
73%
Sometimes
73%
road
73%
alone
73%
Can
72%
Friday
72%
can
72%
Oh
71%
you're
71%
you're
71%
I'm
70%
enough
70%
rain
69%
laugh,
69%
tough
69%
kiss
69%
high
69%
insane
68%
gates
68%
or
68%
mistake
68%
pouring
68%
city
67%
by
67%
time
67%
making
67%
Keep
66%
Cause
66%
hard
66%
gets
66%
side
66%
streets
65%
design?
65%
home,
64%
carry
64%
long,
64%
girls
64%
Try
63%
hoping
63%
through
62%
Walking
62%
if
62%
told
62%
let's
62%
last
62%
last
62%
wild
61%
honey
59%
Come
59%
This
59%
honey
59%
It's
59%
have
59%
fun
58%
was
55%
was
55%
words
55%
meantime
54%
am
52%
Lost
52%
see
52%
They'll
52%
found
51%
as
51%
confused
51%
child
50%
all
50%
Choose
49%
blind
49%
little
48%
could
46%
once
46%
what
43%
answers
38%
find
38%
Scared
36%
couldn't
34%
Tried
24%

Score Distribution

Percentile by Number Answered

Percent of People with Each Score

Your Score History

You have not taken this quiz